| 000 | 00398nam a2200157Ia 4500 | ||
|---|---|---|---|
| 003 | LK-CoDNM | ||
| 005 | 20240926115342.0 | ||
| 008 | 010623t1932 xxu||||| |||| 00| 1 eng d | ||
| 040 |
_aLK-CoDNM _dLK-CoDNM _eLK-CoDNM |
||
| 041 | _aeng | ||
| 080 |
_a24 _bE9 |
||
| 245 | _aCeylon Literary Register : 1932 Volume 2 | ||
| 260 |
_bLake House _aColombo _c1932 |
||
| 300 | _bx, 576p. : 24 cm | ||
| 942 | _cBK | ||
| 999 |
_c96120 _d96120 |
||